000 00673nam a2200253Ia 4500
005 20260121154855.0
008 008 260114s9999 xx 000 0 eng d
020 _a9780429341038
037 _aEBOOK
040 _aCRL
040 _beng
040 _cCRL
041 _2eng
041 _aeng
084 _qCRL
100 _a Mats G. Hansson; Ulrik Kihlbom; Silke Schicktanz
_91012562
245 0 _aEthical, Social and Psychological Impacts of Genomic Risk Communication
260 _bTaylor and Francis
260 _c2021
856 _uhttp://www.taylorfrancis.com/books/9780429341038
942 _cEBOOK
999 _c1579381
_d1579381